| 000 | 00546 a2200169 4500 | ||
|---|---|---|---|
| 005 | 20250607124523.0 | ||
| 020 | _a978-007-127619-1 | ||
| 082 | _aLECT 658.159 EUN | ||
| 100 | _aEUN, C. S. | ||
| 245 | _aInternational financial management | ||
| 250 | _a5th Ed. | ||
| 260 |
_aNew York, _bMcGraw-Hill, _c2009. |
||
| 300 |
_axxiii, 533p.: ill.; chart, figure, graph, picture, table. _bGlossary & index, _c27cm. |
||
| 700 | _aRESNICK, B. G. | ||
| 856 |
_yAccess online book _fInternational financial management _dwww.mhhe.com |
||
| 942 |
_2ddc _cBKS |
||
| 999 |
_c3446 _d3446 |
||